000 00628nam a22002297a 4500
003 UA-OsUOA
001 847
007 ta
008 20050706b un ||||| |||| 00| 0 ukr d
100 _aОсьмаков Н.В.
090 _a82.09
_bО-79
942 _cBK
040 _aUA-OsUOA
_brus
_cUA-OsUOA
_dUA-OsUOA
245 _aПоэзия революционного народничества
300 _a197 с.
955 _a3
041 _arus
080 _a82.09
260 _aМ.
_bАкадемия Наук
_c1961
650 7 _a82 Література. Літературознавство
_2UDC
999 _c287021
_d287021